| 000 | 00361nam a22001577a 4500 | ||
|---|---|---|---|
| 003 | SGT | ||
| 020 | _a978-1-84973-670-1 | ||
| 082 |
_a615.19 _bN13M |
||
| 100 | _aNEIL,MARYADELE,J.O,ED. | ||
| 245 | _aTHE MERCK INDEX | ||
| 250 | _a15TH | ||
| 260 |
_aCAMBRIDGE _bROYAL SOCIETY OF CHEMISTRY _c2013 |
||
| 300 | _aNI-388 | ||
| 650 | _aPHARMACY | ||
| 942 |
_2ddc _cBK _01 |
||
| 999 |
_c17458 _d17458 |
||